Star Wars: Where is Each Vader From? - Statistics

General Stats
  • This quiz has been taken 135 times
  • The average score is 9 of 16
Answer Stats
Picture Answer % Correct
Return of the Jedi
97%
Empire Strikes Back
89%
A Phantom Menace
82%
Revenge of the Sith
81%
Attack of the Clones
77%
A New Hope
72%
Terrifying Tales
66%
Rebels
60%
Ahsoka
56%
The Clone Wars
56%
Obi-Wan Kenobi
54%
Clone Wars (Movie)
37%
Rogue One
34%
Jedi Survivor
32%
Tales of the Jedi
25%
Jedi Fallen Order
23%
No matching quizzes found
Score Distribution
Percent of People with Each Score
Percentile by Number Answered
Your Score History
You have not taken this quiz